Géographie par image - T - Statistiques

Statistiques générales
  • Ce quiz a été pris 9 266 fois
  • Le résultat moyen est 10 sur 18
Statistiques - réponses
Par images Hint Réponse % Correct
monument Taj Mahal
96%
fleuve Tamise
84%
pont {Tower} Bridge
81%
état des Etats-Unis Texas
77%
carrefour Times Square
77%
ville Tokyo
74%
pays Thaïlande
73%
île Tasmanie
69%
région Tibet
65%
ville Toronto
63%
pays Trinité-et-Tobago
62%
langue Tamoul
40%
ville Taipei
39%
ville du Sahara Tombouctou
30%
archipel {Terre} {de} {Feu}
29%
région (en rouge) Transnistrie
19%
lac Tanganyika
12%
volcan et point culminant de l'Espagne Teide
10%
Aucun quiz correspondant
Distribution des résultats
% des personnes avec chaque résultat
Percentile par nombre de réponses
Votre historique - résultats
Vous n’avez pas pris ce quiz